Dosah ekonomických sankcií Európskej únie na jej energetickú bezpečnosť dizertačná práca
Enregistré dans:
| Auteur principal: | |
|---|---|
| Collectivité auteur: | |
| Autres auteurs: | |
| Format: | Livre |
| Langue: | slovaque |
| Publié: |
Bratislava
2025
|
| Sujets: | |
| Tags: |
Pas de tags, Soyez le premier à ajouter un tag!
|
MARC
| LEADER | 00000nbm a2200000 4500 | ||
|---|---|---|---|
| 001 | 0311452 | ||
| 005 | 20250729090023.5 | ||
| 041 | 0 | |a slo | |
| 044 | |a SK | ||
| 245 | 1 | 0 | |a Dosah ekonomických sankcií Európskej únie na jej energetickú bezpečnosť |b dizertačná práca |c Viktória Peštová ; školiteľ: Elena Kašťáková |
| 264 | 1 | |a Bratislava |c 2025 | |
| 300 | |a 157 s. | ||
| 610 | 2 | 0 | |a politika obchodná |
| 610 | 2 | 0 | |a sankcie |
| 610 | 2 | 0 | |a diverzifikácia |
| 610 | 2 | 0 | |a bezpečnosť energetická |
| 610 | 2 | 0 | |a Európska únia |
| 610 | 2 | 0 | |a Rusko |
| 100 | 1 | |a Peštová, Viktória, 1995- | |
| 700 | 1 | |a Kašťáková, Elena, 1974- | |
| 710 | 2 | |a Obchodná fakulta EU. Katedra medzinárodného obchodu | |